000 01342cam a22002891i 4500
003 SA-RiAUC
005 20241023081134.0
008 241022s1988 qa f f000 0 ara c
040 _aJO-AmJU
_bara
_cSA-RiAUC
_erda
050 1 4 _b.S256 1988
082 0 4 _a258.1
_qSA-RiAUC
090 _a258.1
_bس م ر
100 1 _aالسمرقندي، محمد بن أحمد بن أبي أحمد،
_dتوفي 540 هجري
_eمؤلف.
245 1 0 _aتحفة الفقهاء /
_cعلاء الدين السمرقندي ؛ حققه محمد زكي عبد البر ؛ عني بطبعه ونشره عبد الله بن إبراهيم الأنصاري.
250 _aالطبعة الثانية.
264 1 _aالدوحة :
_bوزارة التربية والتعليم، إدارة إحياء التراث الإسلامي،
_c1988
300 _a3 مجلد ؛
_c24 سم
336 _aنص
_btxt
_2rdacontent
_3كتاب
337 _aبدون وسيط
_bn
_2rdamedia
338 _aمجلد
_bnc
_2rdacarrier
650 7 _aالفقه الحنفي
_2aucsh
650 7 _aالفقه الإسلامي
_xمذاهب
_2aucsh
700 1 _aالأنصاري، عبد الله بن إبراهيم،
_d1333-1410 هجري
_eمشرف.
700 1 _aعبد البر، محمد زكي
_eمحقق.
942 _2ddc
_cBOOK
_n0
949 _aSA-JeALM
_d241022
_umohamedma123
_n1
999 _c1619
_d1619